Business Research Methods, (Record no. 370751)

MARC details
000 -LEADER
fixed length control field 00445nam a22001817a 4500
005 - DATE AND TIME OF LATEST TRANSACTION
control field 20260323163807.0
008 - FIXED-LENGTH DATA ELEMENTS--GENERAL INFORMATION
fixed length control field 260323b |||||||| |||| 00| 0 eng d
020 ## - INTERNATIONAL STANDARD BOOK NUMBER
International Standard Book Number 9789332585515
041 ## - LANGUAGE CODE
Language code of text/sound track or separate title eng
082 ## - DEWEY DECIMAL CLASSIFICATION NUMBER
Classification number 658.018
Item number BAJ B23014
100 ## - MAIN ENTRY--PERSONAL NAME
Author Bajpai N
245 ## - TITLE STATEMENT
Title Business Research Methods,
250 ## - EDITION STATEMENT
Edition statement 2nd Ed.
260 ## - PUBLICATION, DISTRIBUTION, ETC.
Place of publication, distribution, etc. Noida
Name of publisher, distributor, etc. Pearson India
Date of publication, distribution, etc. 2025
300 ## - PHYSICAL DESCRIPTION
Extent 851p
500 ## - GENERAL NOTE
Keywords Research methodology
942 ## - ADDED ENTRY ELEMENTS (KOHA)
Koha item type Books
Holdings
Withdrawn status Lost status Source of classification or shelving scheme Damaged status Not for loan Home library Current library Date acquired Vendor Net Price Bill number Total Checkouts Full call number Barcode Date last seen Actual Price Bill Date Koha item type Original Barcode
    Dewey Decimal Classification     Smt. Hiraben Nanavati Institute of Management & Research for Women Smt. Hiraben Nanavati Institute of Management & Research for Women 12/02/2026 The Forward Books 900.00 25312   658.018 BAJ B23014 HIMR-BK-23014 23/03/2026 657.00 29/01/2026 Books B23014
    Dewey Decimal Classification     Smt. Hiraben Nanavati Institute of Management & Research for Women Smt. Hiraben Nanavati Institute of Management & Research for Women 12/02/2026 The Forward Books 900.00 25312   658.018 BAJ B23015 HIMR-BK-23015 23/03/2026 657.00 29/01/2026 Books B23015
    Dewey Decimal Classification     Smt. Hiraben Nanavati Institute of Management & Research for Women Smt. Hiraben Nanavati Institute of Management & Research for Women 12/02/2026 The Forward Books 900.00 25312   658.018 BAJ B23016 HIMR-BK-23016 23/03/2026 657.00 29/01/2026 Books B23016
    Dewey Decimal Classification     Smt. Hiraben Nanavati Institute of Management & Research for Women Smt. Hiraben Nanavati Institute of Management & Research for Women 12/02/2026 The Forward Books 900.00 25312   658.018 BAJ B23017 HIMR-BK-23017 23/03/2026 657.00 29/01/2026 Books B23017